000 00452cam a22001814a 4500
005 20250605163551.0
008 250528s ||||||||||||||||||||||||d
035 _a21903
020 _a9783577105101
040 _aGR-AtMCL
_bgre
_dGR-AtMCL
_eAACR2
245 1 _aDER KLEINE WAHRIG WORTERBUCH DER DEUTSCHEN SPRACHE
250 _a1
260 _bVerlag
_bΣυλλογικο,
_c1978
300 _a943
942 _cBK
999 _c6960
_d6960